| 000 | 01222nam0a22002651 4500 | ||
|---|---|---|---|
| 001 | rc\4334987 | ||
| 005 | 20130416133715.2 | ||
| 021 |
_aRU _b[69-15993] |
||
| 035 | _a(NLR Aleph) 008520174 | ||
| 090 |
_a8223465 _c8223465 |
||
| 100 | _a20130416d1968 |||y0rusy50 ca | ||
| 101 | 0 | _arus | |
| 102 | _aRU | ||
| 105 | _ay z ||||| | ||
| 200 | 1 |
_aУчастие коммунистов в организационно-партийной работе на общественных началах. (1959-1965 гг.) _fМ-во здравоохранения СССР. Витеб. гос. мед. ин-т. Кафедра истории КПСС, политэкономии и науч. коммунизма |
|
| 210 |
_aМинск _cВышэйш. школа _d1968 |
||
| 215 |
_a75 с. _d20 |
||
| 606 |
_aПартийно-организационная работа _yБССР _xИстория _2psbo |
||
| 606 |
_aПартийные руководящие органы _xАппарат на общественных началах _2psbo |
||
| 700 | 1 |
_aГурбо _bВ. Т. _gВалентина Терентьевна |
|
| 801 | 0 |
_aRU _bNLR _gpsbo |
|
| 801 | 1 |
_aRU _bELAR _2rusmarc |
|
| 852 |
_aNLR _j69-4/6095 |
||
| 942 | _cBOOK | ||
| 980 | _aNB | ||